000 00769nam a2200229Ii 4500
003 JO-AjNU
008 230605s9999||||xx |||||||||||||| ||und||
017 _a2006/10/2878
020 _a9957-05-153-9
040 _aJO-AjNU
_bara
_erda
_cJO-AjNU
041 _aara
050 1 4 _aPJ7571.B57 2007
100 3 _aجكلي،زينب بيرة,
_eauthor
_911878
245 0 0 _aالنثر العربي في عصر الدول المتتابعة
250 _aط1
264 3 1 _aعمان:الدار البيضاء للنشر والتوزيع،2006
300 _a464ص
336 _atext
_btxt
_2rdacontent
337 _aunmediated
_bn
_2rdamedia
338 _avolume
_bnc
_2rdacarrier
650 4 _aالنثر العربي-الأدب العربي-النقد العربي
_911879
999 _aA2551
_c6119
_d6119